The option trader’s guide to probability, volatility, and timing
The Option Traders Guide to Probability, Volatility, and Timing will introduce you to the most important concepts in options trading and provide you with a working knowledge of various options strategies that are appropriate for any given situation. Whether youre a new trader or "returnee"...
Đã lưu trong:
| 主要作者: | |
|---|---|
| 格式: | 圖書 |
| 語言: | Undetermined |
| 出版: |
New York
John Wiley & Sons
2002
|
| 主題: | |
| 標簽: |
添加標簽
沒有標簽, 成為第一個標記此記錄!
|
| Thư viện lưu trữ: | Trung tâm Học liệu Trường Đại học Cần Thơ |
|---|
| LEADER | 00986nam a2200205Ia 4500 | ||
|---|---|---|---|
| 001 | CTU_157302 | ||
| 008 | 210402s9999 xx 000 0 und d | ||
| 020 | |c 74.95 | ||
| 082 | |a 332.645 | ||
| 082 | |b K11 | ||
| 100 | |a Kaeppel, Jay | ||
| 245 | 4 | |a The option trader’s guide to probability, volatility, and timing | |
| 245 | 0 | |c Jay Kaeppel | |
| 260 | |a New York | ||
| 260 | |b John Wiley & Sons | ||
| 260 | |c 2002 | ||
| 520 | |a The Option Traders Guide to Probability, Volatility, and Timing will introduce you to the most important concepts in options trading and provide you with a working knowledge of various options strategies that are appropriate for any given situation. Whether youre a new trader or "returnee" to the options market, this book will not just teach you about options, it will teach you how to successfully trade them | ||
| 650 | |a Options (Finance),Đầu tư tài chính | ||
| 904 | |i Nguyên | ||
| 980 | |a Trung tâm Học liệu Trường Đại học Cần Thơ | ||